00543cam a2200217 i 45000010009000000050017000090080041000260100017000670200038000840400028001220410008001500420008001580800017001660820021001831000007002041010008002112450032002199060045002519420012002969990017003081829532420180205032103.0140909t20152015inua 000 0 eng  a 2014950817 a9780789753465 (pbk. : alk. paper) aDLCbengerdacDLCdDLC aeng apcc a004.167 gar00a004.167 gar2231 a31 ashk10aMy iPad /cGary Rosenzweig. a7bcbccorignewd2eepcnf20gy-gencatlg 2ddccBK c41711d41711